<?xml version="1.0" encoding="UTF-8"?>
<record
    xmlns:xsi="http://www.w3.org/2001/XMLSchema-instance"
    xsi:schemaLocation="http://www.loc.gov/MARC21/slim http://www.loc.gov/standards/marcxml/schema/MARC21slim.xsd"
    xmlns="http://www.loc.gov/MARC21/slim">

  <leader>00763cam4a220022900 4500</leader>
  <controlfield tag="001">tmp15699778</controlfield>
  <controlfield tag="003">UPRA</controlfield>
  <controlfield tag="005">20190823082705.0</controlfield>
  <controlfield tag="008">951006s1981    enk                 eng u</controlfield>
  <datafield tag="035" ind1=" " ind2=" ">
    <subfield code="a">(Sirsi) r96677</subfield>
  </datafield>
  <datafield tag="035" ind1=" " ind2=" ">
    <subfield code="a">(UPRA)tmp15699778</subfield>
  </datafield>
  <datafield tag="040" ind1=" " ind2=" ">
    <subfield code="c">UPRA</subfield>
  </datafield>
  <datafield tag="245" ind1="0" ind2="0">
    <subfield code="a">Guinness book of records /</subfield>
    <subfield code="c">[edited by] Norris McWhirter [and] Stan Greenberg.</subfield>
  </datafield>
  <datafield tag="250" ind1=" " ind2=" ">
    <subfield code="a">27th ed.</subfield>
  </datafield>
  <datafield tag="260" ind1=" " ind2=" ">
    <subfield code="a">Enfield Middlesex :</subfield>
    <subfield code="b">Guinness Superlatives,</subfield>
    <subfield code="c">[1981]</subfield>
  </datafield>
  <datafield tag="500" ind1=" " ind2=" ">
    <subfield code="a">1st ed. published 1955.</subfield>
  </datafield>
  <datafield tag="500" ind1=" " ind2=" ">
    <subfield code="a">Title varies: The Guinness book of superlatives.</subfield>
  </datafield>
  <datafield tag="650" ind1=" " ind2="0">
    <subfield code="a">Curiosities and wonders.</subfield>
    <subfield code="6">S16245.1</subfield>
  </datafield>
  <datafield tag="700" ind1="1" ind2=" ">
    <subfield code="a">McWhirter, Norris, 1925-</subfield>
    <subfield code="d">McWhirter, Norris, 1925-</subfield>
    <subfield code="6">A23026.1</subfield>
  </datafield>
  <datafield tag="949" ind1=" " ind2=" ">
    <subfield code="a">AG243</subfield>
    <subfield code="w">lcc</subfield>
    <subfield code="i">-136917</subfield>
    <subfield code="m">MAIN</subfield>
    <subfield code="t">BOOK</subfield>
    <subfield code="l">ON-SHELF</subfield>
  </datafield>
  <controlfield tag="004">96677</controlfield>
  <datafield tag="999" ind1=" " ind2=" ">
    <subfield code="c">138555</subfield>
    <subfield code="d">138555</subfield>
  </datafield>
</record>
